|
|
|
|
| LEADER |
00000cam a2200000 7i4500 |
| 001 |
0000014119 |
| 005 |
20080221.0 |
| 008 |
080221 |
| 020 |
|
|
|a 9830612856
|
| 090 |
0 |
0 |
|a 297.36
|b UMA
|
| 100 |
0 |
|
|a Umar Abdul Mun'im Salim
|
| 245 |
1 |
0 |
|a Petunjuk Nabi Tentang Amalan Pada Siang & Malam Jumaat
|c Umar Abdul Mun'im Salim
|
| 260 |
|
|
|a Selangor :
|b Crescent News (KL) ,
|c 2004
|
| 650 |
|
0 |
|a Jum'ah
|
| 650 |
|
0 |
|a Prayer
|x Islam
|
| 650 |
|
0 |
|a Religious calendars Islam
|
| 999 |
|
|
|a 0001008985
|b Book
|c Adult Collection
|e Perbadanan Perpustakaan Awam Johor
|
| 999 |
|
|
|a 0001008986
|b Book
|c Adult Collection
|e Perbadanan Perpustakaan Awam Johor
|
| 999 |
|
|
|a 0001008987
|b Book
|c Adult Collection
|e Perbadanan Perpustakaan Awam Johor
|